000 00340nam a2200145Ia 4500
008 150201s2002 xx 000 0 und d
082 _a610
_bP2002S
100 _aSRIDHER RAO B.
245 _aPRINCIPLES OF COMMUNITY MEDICINE
250 _a3RD
260 _bAITBS
_aDELHI
_c2002
300 _a1-564
650 _aMEDICINE
942 _2ddc
_cBK
999 _c2995
_d2995